Tumbleweeds : a novel /

Three friends from a small Texas town that thrives on Friday night football games try to move on after a fateful event colors each of their futures.

Bibliographic Details
Main Author: Meacham, Leila, 1938-
Format: Book
Language:English
Published: New York : Grand Central Pub., 2012.
Edition:1st ed.
Subjects:

MARC

Tag First Indicator Second Indicator Subfields
LEADER 00000cam a2200000 a 4500
001 in00002780194
005 20150922103509.0
008 110907s2012 nyu 000 f eng
010 |a  2011034197 
016 7 |a 016082482  |2 Uk 
020 |a 9781455509249 (regular edition) 
020 |a 1455509248 (regular edition) 
020 |a 9781455513482 (large print edition) 
020 |a 1455513482 (large print edition) 
035 |a (OCoLC)ocn751248606 
040 |a DLC  |b eng  |c DLC  |d YDX  |d BTCTA  |d BDX  |d UKMGB  |d UPZ  |d YDXCP  |d ZS3  |d GZF  |d VP@  |d ZGV  |d CDX  |d UtOrBLW 
043 |a n-us-tx 
049 |a TXAM 
050 0 0 |a PS3563.E163  |b T86 2012 
082 0 0 |a 813/.54  |2 23 
100 1 |a Meacham, Leila,  |d 1938- 
245 1 0 |a Tumbleweeds :  |b a novel /  |c Leila Meacham. 
250 |a 1st ed. 
264 1 |a New York :  |b Grand Central Pub.,  |c 2012. 
300 |a 470 pages ;  |c 24 cm. 
336 |a text  |b txt  |2 rdacontent 
337 |a unmediated  |b n  |2 rdamedia 
338 |a volume  |b nc  |2 rdacarrier 
520 |a Three friends from a small Texas town that thrives on Friday night football games try to move on after a fateful event colors each of their futures. 
650 0 |a Football stories. 
651 0 |a Texas  |v Fiction. 
655 0 |a Football stories. 
948 |a cataloged  |b h  |c 2012/7/6  |d c  |e ceaton  |f 12:10:48 pm 
994 |a C0  |b TXA 
999 |a MARS 
999 f f |s bb33a42f-7464-3255-a219-e7eb56a81b61  |i d13b8e5d-2d71-3216-b357-11aabfc6b009  |t 0 
952 f f |p normal  |a Texas A&M University  |b College Station  |c Sterling C. Evans Library  |d Evans: Library Stacks  |t 0  |e PS3563.E163 T86 2012  |h Library of Congress classification  |i unmediated -- volume  |m A14841431550 
998 f f |a PS3563.E163 T86 2012  |t 0  |l Evans: Library Stacks